Introduction To Solid State Physics / (Record no. 195225)

MARC details
000 -LEADER
fixed length control field 00623nam a22002057a 4500
005 - DATE AND TIME OF LATEST TRANSACTION
control field 20230317123622.0
010 ## - LCCN (DPL NO)
LC control number ENG-136384
020 ## - INTERNATIONAL STANDARD BOOK NUMBER
International Standard Book Number 9789393737823
Terms of availability 200.00
035 ## - SYSTEM CONTROL NUMBER
System control number EN-119916
037 ## - SOURCE OF ACQUISITION
Source of stock number/acquisition DBAD/PUB
082 ## - DEWEY DECIMAL CLASSIFICATION NUMBER
Classification number 530
100 ## - MAIN ENTRY--PERSONAL NAME
Personal name Dharsini, Shalini
245 ## - TITLE STATEMENT
Title Introduction To Solid State Physics /
Statement of responsibility, etc By Shalini Priya Dharsini and J Selvarasi
250 ## - EDITION STATEMENT
Edition statement First
260 ## - PUBLICATION, DISTRIBUTION, ETC. (IMPRINT)
Place of publication, distribution, etc Tamil Nadu
Name of publisher, distributor, etc Shanlax Publications
270 ## - ADDRESS
City Tamil Nadu
Address 61,66 T.P.K Main Road ,Vasantha Nagar ,Madurai
Postal code 625003
300 ## - PHYSICAL DESCRIPTION
Extent 103p.
Dimensions 24cm(pb)
700 ## - ADDED ENTRY--PERSONAL NAME
Personal name Selarasi, J
942 ## - ADDED ENTRY ELEMENTS (KOHA)
Source of classification or shelving scheme Dewey Decimal Classification
Item type English Books
Call number suffix SHA
Classification part 530
Holdings
Withdrawn status Lost status Not for loan Collection code Home library Current library Date acquired Source of acquisition Cost, normal purchase price Full call number Barcode Copy number Koha item type
      Non-fiction Katevara Katevara 13/03/2023 DBAD/PUB 200.00 530 SHA EN-119916 1 English Books

© Delhi Public Library
Hit Counter
free hit counter